Egy 13-as jász-kun huszár és egyéb háborús regények /

Uložené v:
Podrobná bibliografia
Hlavný autor: Szomory, Emil, 1874-1944
Médium: Kniha
Jazyk:Hungarian
Vydané: Budapest : Athenaeum, 1917.
Vydanie:1. kiad.
ISBN: (brož.)
Fyzický popis: 142 s. ; 18 cm.
Tagy: Pridať tag
Žiadne tagy, Buďte prvý kto otaguje tento záznam!

MARC

LEADER 00000nam a22000004a 4500
001 000424321
005 20130628191334.0
008 130628s1917 hu e 000 0 hun d
020 |a (brož.)  |c Kčs 4,00 
040 |a SVKKK  |b slo  |c SVKKK  |e AACR2 
041 0 |a hun 
044 |a hu  |c HU 
100 1 |a Szomory, Emil,  |d 1874-1944 
245 1 0 |a Egy 13-as jász-kun huszár és egyéb háborús regények /  |c Emil Szomory. 
250 |a 1. kiad. 
260 |a Budapest :  |b Athenaeum,  |c 1917. 
300 |a 142 s. ;  |c 18 cm. 
910 |a svkkk 
998 |a BK 
090 |g SCKHL  |k Sklad Hlavná 10 suterén  |a I.42899  |j 515234  |i 2720622281  |s Prezenčne